000
00267 a2200133 4500
020
_a
0073656453
090
_c
3052
_d
3052
100
_a
Berkowitz Kerin
245
_a
Marketing
250
_a
6th
260
_a
Boston
300
_a
736
942
_a
NBS
_c
BK
_k
658.8 BER
999
_c
345542
_d
345542